logo

Bir Sreshtho Munshi Abdur Rouf Library
Jhenaidah Cadet College

Like the flowing river : (Record no. 12712)

MARC details
000 -LEADER
fixed length control field 00919nam a2200289 a 4500
001 - CONTROL NUMBER
control field 12712
003 - CONTROL NUMBER IDENTIFIER
control field BD-JhCC
005 - DATE AND TIME OF LATEST TRANSACTION
control field 20230508195638.0
008 - FIXED-LENGTH DATA ELEMENTS--GENERAL INFORMATION
fixed length control field 060929s20202006enk e| ||0 1 eng d
020 ## - INTERNATIONAL STANDARD BOOK NUMBER
International Standard Book Number 9780007246304
020 ## - INTERNATIONAL STANDARD BOOK NUMBER
International Standard Book Number 0732284384 (pbk.)
035 ## - SYSTEM CONTROL NUMBER
System control number (BD-JhCC)12712
040 ## - CATALOGING SOURCE
Original cataloging agency NSPL
Transcribing agency NSPL
Modifying agency NZEN
-- ANL
-- BD-JhCC
041 1# - LANGUAGE CODE
Language code of text/sound track or separate title eng
Language code of original por
042 ## - AUTHENTICATION CODE
Authentication code anuc
082 04 - DEWEY DECIMAL CLASSIFICATION NUMBER
Classification number 869.442
Edition number 22
Item number SHE 2020
100 1# - MAIN ENTRY--PERSONAL NAME
Personal name Coelho, Paulo.
245 10 - TITLE STATEMENT
Title Like the flowing river :
Remainder of title thoughts and reflections /
Statement of responsibility, etc. Paulo Coelho ; translated from the Portuguese by Margaret Jull Costa.
260 ## - PUBLICATION, DISTRIBUTION, ETC.
Place of publication, distribution, etc. [London ;
-- Sydney] :
Name of publisher, distributor, etc. HarperCollins,
Date of publication, distribution, etc. 2006.
300 ## - PHYSICAL DESCRIPTION
Extent xiii, 223 p. ;
Dimensions 22 cm.
546 ## - LANGUAGE NOTE
Language note Translated from the Portuguese.
600 10 - SUBJECT ADDED ENTRY--PERSONAL NAME
Personal name Coelho, Paulo
Form subdivision Translations into English.
650 #0 - SUBJECT ADDED ENTRY--TOPICAL TERM
Topical term or geographic name entry element Conduct of life
Form subdivision Fiction.
655 #7 - INDEX TERM--GENRE/FORM
Genre/form data or focus term Short stories.
Source of term gsafd
700 1# - ADDED ENTRY--PERSONAL NAME
Personal name Costa, Margaret Jull.
942 ## - ADDED ENTRY ELEMENTS (KOHA)
Source of classification or shelving scheme Dewey Decimal Classification
Koha item type Books
Holdings
Withdrawn status Lost status Source of classification or shelving scheme Damaged status Not for loan Home library Current library Shelving location Date acquired Cost, normal purchase price Total Checkouts Full call number Barcode Date last seen Date last checked out Copy number Price effective from Koha item type
    Dewey Decimal Classification     JCC Rouf Library JCC Rouf Library General Stacks 05/08/2023 350.00 11 869.442 SHE 2020 17684 02/09/2026 01/25/2026 C-1 05/08/2023 Books

JCC Library | Contacts | JCC Home

Last Update on 23 September 2017
Copyright @ 2017-2020 JCC Rouf Library
Rouf Library, Jhenidah Cadet College (JCC), Bangladesh